• 首页
  • 本馆介绍
  • 公告通知
  • 最新文献
  • 馆藏检索
  • 电子资源
  • 读者导购
  • 参考咨询
  • 我的图书馆
  • 登录
  • 详细信息显示
  • 放入我的书架
  • 预约/预借图书
  • 作者相关作品
  • 分类相关作品
  • 丛书相关作品
  • 出版社相关作品

书目信息

  • 表格格式
  • 工作单格式
  • 卡片格式
题名:
乒乓长盛的训练学探索
    
 
作者: 五焕群 著
分册:  
出版信息: 北京   北京体育大学出版社  2002.11
页数: 393页
开本: 20cm
丛书名:
单 册:
中图分类: G846.2-53
科图分类:
主题词: 乒乓球运动--运动训练--文集 , CT--S057377--乒乓球运动 , CT--S092407--运动训练
电子资源:
ISBN: 7-81051-850-X
000 01073nam0 2200289 450
001 CAL 012003154546
005 20031215153418.6
010    @a7-81051-850-X@dCNY22.00
099    @aCAL 012003154546
100    @a20041222d2002 emky0chiy0110 ea
101 0  @achi
102    @aCN@b110000
105    @ay z 000yy
200 1  @a乒乓长盛的训练学探索@Aping pang chang sheng de xun lian xue tan suo@f五焕群等著@Fwu huan qun deng zhu
210    @a北京@c北京体育大学出版社@d2002.11
215    @a393页@d20cm
300    @a国家体育总局资助出版项目(NO.2002001) 国家社科基金项目重点课题《乒乓长盛》的研究成果之一
330    @a本书收录了“乒乓长盛的训练学探索”、“中国乒乓球技术发展规律及趋势”、“乒乓球旋转的实验研究”、“对中国乒乓球队适应发球新规则训练效果的研究”等文章20余篇。
606 0  @a乒乓球运动@x运动训练@j文集
606 0  @2CT@3S057377@a乒乓球运动
606 0  @2CT@3S092407@a运动训练
690    @aG846.2-53@v4
701  0 @a五焕群@Awu huan qun@4著
801  0 @aCN@bNLC@c20041222
905    @aBZT@dG846.2-53@e1@f6
906    @dCNY22.00@n0@r1
998    @aSCNU
    
    乒乓长盛的训练学探索/五焕群等著.-北京:北京体育大学出版社,2002.11
    393页;20cm
    国家体育总局资助出版项目(NO.2002001) 国家社科基金项目重点课题《乒乓长盛》的研究成果之一
    
    ISBN 7-81051-850-X:CNY22.00
    本书收录了“乒乓长盛的训练学探索”、“中国乒乓球技术发展规律及趋势”、“乒乓球旋转的实验研究”、“对中国乒乓球队适应发球新规则训练效果的研究”等文章20余篇。
●
相关链接 在五车中查询图书 在当当中查询图书 在豆瓣中查询图书


正题名:乒乓长盛的训练学探索     索取号:G846.2-53/1         预约/预借

序号 登录号 条形码 馆藏地/架位号 状态 备注
1 0376703   200887282   样本书库/样008架A面2层1列/ [索取号:G846.2-53/1] 在馆    
2 0376704   200887291   中心书库北库/ 北库025架B面2列3层14/ [索取号:G846.2-53/1] 在馆    
3 0376705   200887264   中心书库北库/ 北库025架B面2列3层13/ [索取号:G846.2-53/1] 在馆    
4 0376706   200887273   中心书库北库/ 北库025架B面2列3层15/ [索取号:G846.2-53/1] 在馆    
5 0376707   200887246   中心书库北库/ 北库025架B面2列3层12/ [索取号:G846.2-53/1] 在馆    
6 0376708   200887255   中心书库北库/ 北库025架B面2列3层16/ [索取号:G846.2-53/1] 在馆    
山东省滨州职业学院图书馆 欢迎您!
大连网信软件有限公司© 版权所有